Pokemon - Les attaques de Manaphy - Statistiques

Statistiques générales
  • Ce quiz a été pris 13 fois
  • Le résultat moyen est 9 sur 12
Statistiques - réponses
Niveaux Types Noms des attaques % Correct
Niveau 24 Eau Bulles d'O
100%
Départ Eau Pistolet à O
100%
Niveau 9 Fée Charme
88%
Niveau 39 Eau Siphon
88%
Niveau 54 Eau Anneau Hydro
75%
Départ Insecte Lumi-Queue
75%
Niveau 46 Eau Vibraqua
75%
Niveau 69 Eau Danse Pluie
63%
Niveau 61 Eau Plongée
63%
Niveau 31 Poison Acidarmure
50%
Niveau 76 Psy Permucœur
50%
Niveau 16 Normal Ultrason
50%
Aucun quiz correspondant
Distribution des résultats
% des personnes avec chaque résultat
Percentile par nombre de réponses
Votre historique - résultats
Vous n’avez pas pris ce quiz